000 00489nam a2200193Ia 4500
008 240510s9999 xx 000 0 und d
020 _a0000070991081
041 _aEng
082 _a005.133
082 _bG757
100 _aGOTTFRIED, Byron S.
245 0 _aSchaum's outline of theory and problems of programming with Pascal
260 _bMcGraw-Hill, New York
260 _c1985
300 _a407 p.
650 _aProgramming languages:PASCAL
942 _2ddc
942 _cRBK
999 _c24497
_d24497
945 _a1
_bMadushi Gamage
_c1
_dMadushi Gamage